• 首页
  • 本馆介绍
  • 公告通知
  • 最新文献
  • 馆藏检索
  • 电子资源
  • 读者导购
  • 参考咨询
  • 我的图书馆
  • 登录
  • 详细信息显示
  • 放入我的书架
  • 预约/预借图书
  • 作者相关作品
  • 分类相关作品
  • 丛书相关作品
  • 出版社相关作品

书目信息

  • 表格格式
  • 工作单格式
  • 卡片格式
题名:
果蔬保鲜与加工
    
 
作者: 吴锦铸 , 张昭其 主编
分册:  
出版信息: 北京   化学工业出版社  2001
页数: 463页
开本: 21cm
丛书名: 当代食品生产技术丛书
单 册:
中图分类: TS255.3
科图分类:
主题词: 水果--食品保鲜 , 蔬菜--食品保鲜 , 水果加工 , 蔬菜加工 , 水果 , 蔬菜 , 食品保鲜
电子资源:
ISBN: 7-5025-3026-6
000 01016nam2 2200337 450
001 012007207906
005 20070522170943.45
010    @a7-5025-3026-6@dCNY30.00
100    @a20070514d2001 km y0chiy0120 ea
101 0  @achi
102    @aCN@b110000
105    @ay z 000yy
106    @ar
200 1  @a果蔬保鲜与加工@Aguo shu bao xian yu jia gong@f吴锦铸,张昭其主编@Fwu jin zhu,zhang zhao qi zhu bian
210    @a北京@c化学工业出版社@d2001
215    @a463页@d21cm
225 2  @a当代食品生产技术丛书
330    @a本书内容包括:果蔬贮藏保鲜的基本原理、水果贮藏保鲜技术、蔬菜贮藏保鲜技术、果蔬加工保藏基础和果蔬糖制等。
461  0 @12001 @a当代食品生产技术丛书
606 0  @a水果@x食品保鲜
606 0  @a蔬菜@x食品保鲜
606 0  @a水果加工
606 0  @a蔬菜加工
606 0  @a水果
606 0  @a蔬菜
606 0  @a食品保鲜
690    @aTS255.3@v4
701  0 @a吴锦铸@Awu jin zhu@4主编
701  0 @a张昭其@Azhang zhao qi@4主编
801  0 @aCN@bRULIN@c20070522
905    @dTS255.3@e82@s10
    
    果蔬保鲜与加工/吴锦铸,张昭其主编.-北京:化学工业出版社,2001
    463页;21cm.-(当代食品生产技术丛书)
    
    
    ISBN 7-5025-3026-6:CNY30.00
    本书内容包括:果蔬贮藏保鲜的基本原理、水果贮藏保鲜技术、蔬菜贮藏保鲜技术、果蔬加工保藏基础和果蔬糖制等。
●
相关链接 在E读中查询图书 在五车中查询图书 在当当中查询图书 在豆瓣中查询图书


正题名:果蔬保鲜与加工     索取号:TS255.3/82         预约/预借

序号 登录号 条形码 馆藏地/架位号 状态 备注
1 0573931   205739316   第二样本阅览室/ [索取号:TS255.3/82] 在馆    
2 0573932   205739325   第三借阅区/ [索取号:TS255.3/82] 在馆    
3 0573933   205739334   第三借阅区/ [索取号:TS255.3/82] 在馆    
4 0573934   205739343   第三借阅区/ [索取号:TS255.3/82] 在馆    
5 0573935   205739352   第三借阅区/ [索取号:TS255.3/82] 在馆    
6 0573936   205739361   第三借阅区/ [索取号:TS255.3/82] 在馆    
7 0573937   205739370   第三借阅区/ [索取号:TS255.3/82] 在馆    
8 0573938   205739389   第三借阅区/ [索取号:TS255.3/82] 在馆    
9 0573939   205739398   第三借阅区/ [索取号:TS255.3/82] 在馆    
10 0573940   205739405   第三借阅区/ [索取号:TS255.3/82] 在馆    
唐山师范学院图书馆 欢迎您!
大连网信软件有限公司© 版权所有